000 00487nam a2200121 a 4500
001 000046492
005 20201002052917.0
008 150819s2014 000 spa d
040 _aDO-SdBNP
_bspa
_cBNPHU
245 4 _aLas remesas en la economía dominicana :
_banálisis para el período 2010-2012 bajo nueva fuente de información.
260 _aSanto Domingo, República Dominicana, :
_bBanco Central de la República Dominicana ,
_c2014.
300 _a33 p. :
_bil. : ;
_c28. 5 cm
_e+ CD-Rom
999 _c45981
_d45981